| Record ID | ia:lastargumentofki0000aber |
| Source | Internet Archive |
| Download MARC XML | https://archive.org/download/lastargumentofki0000aber/lastargumentofki0000aber_marc.xml |
| Download MARC binary | https://www.archive.org/download/lastargumentofki0000aber/lastargumentofki0000aber_meta.mrc |
LEADER: 03860cam 2200649 i 4500
001 ocn909538050
003 OCoLC
005 20211129050146.0
008 150518t20152008nyu 000 1 eng
010 $a 2015017996
040 $aDLC$beng$erda$cDLC$dYDXCP$dBDX$dBTCTA$dBKL$dNYP$dCDX$dOCLCF$dOCLCO$dNYP$dNZUPM$dOCLCO$dOCLCQ$dOCL$dOCLCQ$dLKC$dTOP$dMXB$dFFL$dOCLCO$dXOL$dZQP
019 $a903675166
020 $a9780316387408$q(softcover)
020 $a0316387401$q(softcover)
020 $z9781478907831$q(audio download)
020 $z9781478935872$q(audio book cd)
020 $a9781591026907
020 $a1591026903
035 $a(OCoLC)909538050$z(OCoLC)903675166
042 $apcc
050 00 $aPR6101.B49$bL37 2015
082 00 $a823/.92$223
084 $aFIC009020$aFIC002000$aFIC009030$aFIC032000$2bisacsh
100 1 $aAbercrombie, Joe,$eauthor.
245 10 $aLast argument of kings /$cJoe Abercrombie.
250 $aFirst Orbit edition.
264 1 $aNew York :$bOrbit,$c2015.
264 4 $c©2008
300 $a640 pages ;$c24 cm.
336 $atext$btxt$2rdacontent
337 $aunmediated$bn$2rdamedia
338 $avolume$bnc$2rdacarrier
490 1 $aFirst law trilogy ;$v3
500 $a"Fantasy Orbit"--Spine.
520 $a"The final novel in the First Law Trilogy by New York Times bestseller Joe Abercrombie. Logen Ninefingers might only have one more fight in him -- but it's going to be a big one. Battle rages across the North, the king of the Northmen still stands firm, and there's only one man who can stop him. His oldest friend, and his oldest enemy: it's time for the Bloody-Nine to come home. With too many masters and too little time, Superior Glokta is fighting a different kind of war. A secret struggle in which no one is safe, and no one can be trusted. As his days with a sword are far behind him, it's fortunate that he's deadly with his remaining weapons: blackmail, threats, and torture. Jezal dan Luthar has decided that winning glory is too painful an undertaking and turned his back on soldiering for a simple life with the woman he loves. But love can be painful too -- and glory has a nasty habit of creeping up on a man when he least expects it. The king of the Union lies on his deathbed, the peasants revolt, and the nobles scramble to steal his crown. No one believes that the shadow of war is about to fall across the heart of the Union. Only the First of the Magi can save the world, but there are risks. There is no risk more terrible, than to break the First Law ... First Law Trilogy The Blade Itself Before They Are Hanged Last Argument of Kings For more from Joe Abercrombie, check out: Novels in the First Law world Best Served Cold The Heroes Red Country"--$cProvided by publisher.
650 0 $aImaginary wars and battles$vFiction.
650 0 $aKings and rulers$xSuccession$vFiction.
650 7 $aImaginary wars and battles.$2fast$0(OCoLC)fst00967580
650 7 $aKings and rulers$xSuccession.$2fast$0(OCoLC)fst00987723
650 7 $aFICTION / Fantasy / Epic.$2bisacsh
650 7 $aFICTION / Action & Adventure.$2bisacsh
650 7 $aFICTION / Fantasy / Historical.$2bisacsh
650 7 $aFICTION / War & Military.$2bisacsh
655 7 $aFantasy fiction.$2fast$0(OCoLC)fst01726607
655 7 $aFiction.$2fast$0(OCoLC)fst01423787
655 7 $aFantasy fiction.$2lcgft
655 4 $aFantasy fiction.
655 7 $aFantasy fiction.$2gsafd
800 1 $aAbercrombie, Joe.$tFirst law ;$vbk. 3.
938 $aBrodart$bBROD$n112157009
938 $aBaker and Taylor$bBTCP$nBK0016557081
938 $aCoutts Information Services$bCOUT$n32444917
938 $aYBP Library Services$bYANK$n12299177
029 1 $aAU@$b000054811996
029 1 $aDKDLA$b870970-basis:45835375
994 $aZ0$bP4A
948 $hNO HOLDINGS IN P4A - 233 OTHER HOLDINGS